Judas the betrayer. (Record no. 5146)

000 -LEADER
fixed length control field 00608nam a2200193 a 4500
001 - CONTROL NUMBER
control field :::00002887$&:&@@
003 - CONTROL NUMBER IDENTIFIER
control field OkBaRHE
005 - DATE AND TIME OF LATEST TRANSACTION
control field 20100401122220.0
008 - FIXED-LENGTH DATA ELEMENTS--GENERAL INFORMATION
fixed length control field s1957 j 000 0 eng u
040 ## - CATALOGING SOURCE
Transcribing agency
100 1# - MAIN ENTRY--PERSONAL NAME
Personal name Nicole, Albert.
245 10 - TITLE STATEMENT
Title Judas the betrayer.
Statement of responsibility, etc translated from the French.
260 ## - PUBLICATION, DISTRIBUTION, ETC. (IMPRINT)
Place of publication, distribution, etc Grand Rapids, MI., :
Name of publisher, distributor, etc Baker Book House
Date of publication, distribution, etc 1957
300 ## - PHYSICAL DESCRIPTION
Extent 81 p. ;
Dimensions 20 cm.
650 ## - SUBJECT ADDED ENTRY--TOPICAL TERM
Topical term or geographic name as entry element Jesus Christ
General subdivision Betrayal
650 ## - SUBJECT ADDED ENTRY--TOPICAL TERM
Topical term or geographic name as entry element Judas Iscariot
General subdivision Studies
942 ## - ADDED ENTRY ELEMENTS (KOHA)
Source of classification or shelving scheme
Koha item type Books
Copies
Permanent Location Lost status Copy number Not for loan Shelving location Full call number Barcode Damaged status Koha item type Price effective from Source of classification or shelving scheme Date acquired Date last seen Withdrawn status
RHEMA Bible Training College 1 General StacksBS 2460 .J8 N5132887 Books2010-04-14 2010-04-142018-03-16